ՀՀ Գիտությունների ազգային ակադեմիայի հիմնարար գիտական գրադարան  =   Fundamental Scientific Library of NAS RA

Փրկիչը տարեկանի արտում : (Record no. 341761)

MARC details
000 -LEADER
fixed length control field 00802nam a2200217 a 4500
001 - CONTROL NUMBER
control field 001046499
003 - CONTROL NUMBER IDENTIFIER
control field AM-YeHGA
005 - DATE AND TIME OF LATEST TRANSACTION
control field 20250618074337.0
008 - FIXED-LENGTH DATA ELEMENTS--GENERAL INFORMATION
fixed length control field 141112s2013 ai r 000 0 arm d
020 ## - INTERNATIONAL STANDARD BOOK NUMBER
International Standard Book Number 9789939515335
040 ## - CATALOGING SOURCE
Original cataloging agency AM-YeHGA
041 1# - LANGUAGE CODE
Language code of text/sound track or separate title arm
Language code of original eng
090 ## - LOCALLY ASSIGNED LC-TYPE CALL NUMBER (OCLC); LOCAL CALL NUMBER (RLIN)
-- 343551
245 10 - TITLE STATEMENT
Title Փրկիչը տարեկանի արտում :
Remainder of title Վեպ /
Statement of responsibility, etc. Ջ.Դ. Սելինջեր; Անգլ. թարգմ.՝ Ա. Աթաբեկյան; Խմբ.՝ Ա. Նիկողոսյան.
260 ## - PUBLICATION, DISTRIBUTION, ETC.
Place of publication, distribution, etc. Երևան :
Name of publisher, distributor, etc. Անտարես,
Date of publication, distribution, etc. 2013.
300 ## - PHYSICAL DESCRIPTION
Extent 240 էջ ;
Dimensions 20 սմ.
440 #0 - SERIES STATEMENT/ADDED ENTRY--TITLE
Title Օտարագիր
650 14 - SUBJECT ADDED ENTRY--TOPICAL TERM
Topical term or geographic name entry element Ամերիկյան արձակ
700 1# - ADDED ENTRY--PERSONAL NAME
Personal name Աթաբեկյան, Աստղիկ
Relator term թարգմ.
Relationship trl
9 (RLIN) 63
700 1# - ADDED ENTRY--PERSONAL NAME
Personal name Նիկողոսյան, Արքմենիկ Հրայրի,
Dates associated with a name 1979-
Relator term խմբ.
Relationship edt
9 (RLIN) 4117
Holdings
Withdrawn status Lost status Damaged status Not for loan Collection Home library Current library Date acquired Cost, normal purchase price Shelving control number Total checkouts Full call number Barcode Date last seen Price effective from Koha item type Public note
        General Fundamental Scientific Library Fundamental Scientific Library 09/01/2017 4500.00     AII/100550 FL0341513 09/01/2017 09/01/2017 Գրքեր / Books 30 Days Loan


ՀՀ ԳԱԱ հիմնարար գիտական գրադարան
ՀՀ,Երևան 0019
Մարշալ Բաղրամյան 24/6
հեռախոս:(374-10) 52-47-50
Հետադարձ կապ

All site content, except where otherwise noted, is licensed under a
Creative Commons License